000 00972nam a2200241 i 4500
001 98463
003 ES-MaACL
005 20250724015103.0
007 t|
008 050908s1967 sp ||||1| spa d
080 _a616.91(02)
080 _a094.5:616.91
100 1 _aPereira, Luis Xosé.
_990473
245 1 0 _aTratado completo de calenturas, fundado sobre las leyes de la información, y putrefacción, que constantemente observaron los mayores y más ilustres médicos del mundo
_b: compuesto con meyhodo geométrico y caracteres botánicos /
_cpor don Luis Joseph Pereyra.
260 _a[Barcelona] :
_bEco,
_c[1967]
300 _a8 h., 272 p., 1 h. ;
_c21 cm.
534 _pReprod. facs. de la ed. de:
_c-- Madrid : Imp. Antonio Marin, 1768.
650 1 4 _aMedicina-
_vObras anteriores a 1800
_914912
655 7 _2tgfbne
_9226495
_aFacsímiles
852 _aES-MaACL
_jR-336
_bR.65120
_x Olim: C-34122
942 _2udc
999 _c98463
_d98463